| 000 | 00781nac a22002171u 4500 | ||
|---|---|---|---|
| 010 | _a 75038837 | ||
| 020 |
_a0716705389. _a0716705370 |
||
| 082 | 0 | 0 |
_a320 _bR3621 |
| 090 |
_c3638 _d3638 |
||
| 100 | _aReilly, Thomas A., | ||
| 245 | 1 | 0 |
_aPolitical bargaining : _ban introduction to modern politics / _cThomas A. Reilly, Michael W. Sigall. |
| 260 |
_aSan Francisco : _bW. H. Freeman,1976 _c1976. |
||
| 300 |
_axviii, 182 p. ; _c22 cm. |
||
| 500 | _aDonations | ||
| 500 | _aDonations-Bibliotheca Alexandrina | ||
| 504 | _aIncludes bibliographies and index. | ||
| 650 | 0 | _aPolitical science. | |
| 700 | 1 | _aSigall, Michael W., | |
| 942 |
_cBB _k320R3621 |
||
| 999 |
_c3638 _d3638 |
||